Normal view
MARC view
Entry Personal Name
001 - CONTROL NUMBER
- control field: 23985
003 - CONTROL NUMBER IDENTIFIER
- control field: ARRUPE
005 - DATE AND TIME OF LATEST TRANSACTION
- control field: 20160420153438.0
008 - FIXED-LENGTH DATA ELEMENTS
- fixed length control field: 160420|| aca||aabn | a|a d
040 ## - CATALOGING SOURCE
- Original cataloging agency: ARRUPE
- Transcribing agency: ARRUPE
100 ## - HEADING--PERSONAL NAME
- Personal name: Ogbuagu, Chidiebere Evaristus
670 ## - SOURCE DATA FOUND
- Source citation: Work cat.: (ARRUPE): Ogbuagu, Chidiebere Evaristus, The relevance and application of due process to canonical penal trails , 2007